Welcome to CU Library Online Public Access Catalogue (OPAC)

2006 Mosby's Drug Consult/ (Record no. 4840)

MARC details
000 -LEADER
fixed length control field 00351nam a22001337a 4500
005 - DATE AND TIME OF LATEST TRANSACTION
control field 20250314194653.0
008 - FIXED-LENGTH DATA ELEMENTS--GENERAL INFORMATION
fixed length control field 250314b |||||||| |||| 00| 0 eng d
020 ## - INTERNATIONAL STANDARD BOOK NUMBER
International Standard Book Number 9780323040624
050 ## - LIBRARY OF CONGRESS CALL NUMBER
Classification number RS55.2
Item number .P48
245 ## - TITLE STATEMENT
Title 2006 Mosby's Drug Consult/
260 ## - PUBLICATION, DISTRIBUTION, ETC.
Place of publication, distribution, etc. St. Louis
Name of publisher, distributor, etc. Elsevier/Mosby
Date of publication, distribution, etc. 2006
300 ## - PHYSICAL DESCRIPTION
Extent various paging
Dimensions 28.5cm
942 ## - ADDED ENTRY ELEMENTS (KOHA)
Source of classification or shelving scheme Library of Congress Classification
Koha item type Books
Suppress in OPAC No
999 ## -
-- 4840
-- 4840
Holdings
Withdrawn status Lost status Source of classification or shelving scheme Damaged status Not for loan Collection Home library Current library Shelving location Date acquired Total checkouts Full call number Barcode Date last seen Copy number Price effective from Koha item type
    Library of Congress Classification     Non-fiction Science Library (Miotso) Science Library (Miotso) General stacks 03/14/2025   RS55.2 .P48 MOS SLM00004254 03/14/2025 1 03/14/2025 Books
    Library of Congress Classification     Non-fiction Science Library (Miotso) Science Library (Miotso) General stacks 03/14/2025   RS55.2 .P48 MOS SLM00004255 03/14/2025 2 03/14/2025 Books
    Library of Congress Classification     Non-fiction Science Library (Miotso) Science Library (Miotso) General stacks 03/14/2025   RS55.2 .P48 MOS SLM00004256 03/14/2025 3 03/14/2025 Books
    Library of Congress Classification     Non-fiction Science Library (Miotso) Science Library (Miotso) General stacks 03/14/2025   RS55.2 .P48 MOS SLM00004257 03/14/2025 4 03/14/2025 Books
    Library of Congress Classification     Non-fiction Science Library (Miotso) Science Library (Miotso) General stacks 03/14/2025   RS55.2 .P48 MOS SLM00004258 03/14/2025 5 03/14/2025 Books
© 2023-2024 Copyright: Central University Libraries. All Rights Reserved | Created by: Mahone Tech Office